000 00625nam a22001937a 4500
999 _c9587
_d9587
003 AR-CdUCM
008 190328b ||||| |||| 00| 0 spa d
040 _aMUNICIPALIDAD PROVINCIAL DEL CUSCO
_cBIBLIOTECA MUNICIPAL DEL CUSCO
082 _a868.52 /
_bB34R / 1949
100 _aBécquer, Gustavo Adolfo
_96464
245 _aRimas completas /
_cGustavo A. Bécquer
260 _aParís :
_bBouret,
_c1949.
300 _a151 páginas ;
_c12 cm.
650 _aLiteratura española - siglo de oro
_925889
650 _aPoesía - España - Siglo XIX
_925890
650 _aRimas
_925891
942 _2ddc
_cLIBROS
945 _alccs